| 000 | 01844nam a2200361 a 4500 | ||
|---|---|---|---|
| 001 | |||
| 003 | OSt | ||
| 005 | 20250621074009.0 | ||
| 008 | 090707s2020 dr c 001 0 spa d | ||
| 020 | _a9789945613391 | ||
| 040 |
_aDO-SdBNP _bspa _cBNPHU |
||
| 049 | _a | ||
| 082 | 4 |
_a972.93054 _bS942m _222 |
|
| 240 |
_aThe events of 1965 in the Dominican Republic. Documents from the United Kingdom´s National Archives _lEspañol |
||
| 245 | 1 | 0 |
_aLos sucesos entre 1965 en República Dominicana Según los archivos ingleses : _bdocumentos de los archivos nacionales del Reino Unido / _cpresentación Steven Fisher ; traducción Lisa Marra; edición Kary Alba Rocha |
| 260 |
_aSanto Domingo : _bArchivo General de la Nación ; _bSociedad Dominicana de Bibliófilos, _c2020 |
||
| 300 |
_a434 p. ; _c23 cm. |
||
| 490 | 1 |
_aArchivo General de la Nación, _v375 |
|
| 490 | 1 |
_aSociedad Dominicana de Bibliófilos _v37 |
|
| 500 | _aIncluye referencias bibliográficas y notas al pie de las páginas | ||
| 500 | _aIncluye índice onomástico | ||
| 505 | 0 |
_aIntroducción a la primera edición en español / _rBernardo Vega _tPrólogo I a la Presentación a la primera edición en inglés / _rSteven Fischer _tPrólogo II a la primera edición en inglés / _rChris Campbell _tDocumentos de los archivos nacionales del Reino Unido |
|
| 590 | _aInventariado, 2020/VM | ||
| 651 | 4 |
_aRepública Dominicana _xHistoria _y1965 _910221 _vFuentes |
|
| 651 | 0 |
_aRepública Dominicana _xPolítica y gobierno _945 |
|
| 700 |
_a Fisher, Steven _epresentación _977795 |
||
| 700 |
_aMarra, Lisa _etr. _977796 |
||
| 700 |
_aRocha, Kary Alba _eed. _977797 |
||
| 710 | 2 |
_aSociedad Dominicana de Bibliófilos _973174 |
|
| 830 |
_aArchivo General de la Nación, _n375 _pSociedad Dominicana de Bibliófilos _n37 _977799 |
||
| 910 | _aVMateo | ||
| 942 |
_2ddc _cLBS1 |
||
| 999 |
_c49386 _d49386 |
||